00375nam a22001577a 4500003000500000005001700005008004100022020001800063040000600081082001700087100001300104245004900117250000800166260002900174300001400203CEME20210628202303.0210113b xxu||||| |||| 00| 0 eng d a9780070593633 c. a621.3191 PAI aPai, M.A aComputer techniques in power system analysis a2ND aINDIAbMCGRAW HILLc2013 aXVI, 245P